Fundamentos de Derecho Laboral

Na minha lista:
Detalhes bibliográficos
Autor principal: Gamonal Contreras, Sergio (autor)
Formato: Desconhecido
Idioma:inglês
Publicado em: Santiago, Chile Ediciones Der 2020
Edição:Quinta edición actualizada
Colecção:Ma Manuales
Assuntos:
Tags: Adicionar Tag
Sem tags, seja o primeiro a adicionar uma tag!

MARC

LEADER 00000 a2200000 4500
003 CL-VaPUC
005 20241009123128.0
008 200424b ||||| |||| 00| 0 eng d
999 |c 431625  |d 431623 
020 |a 9789569959738 
040 |c Pontificia Universidad Católica de Valparaíso 
082 |2 21  |a 344.8301 GAM 2020 
100 |a Gamonal Contreras, Sergio  |e autor  |9 344 
245 1 |a Fundamentos de Derecho Laboral 
250 |a Quinta edición actualizada 
260 3 |b Ediciones Der  |c 2020  |a Santiago, Chile 
300 |a 283 páginas 
440 |9 856314  |a Ma Manuales 
583 |k Hugo Gaete  |c 20200424 
650 1 |a DERECHO LABORAL  |9 15 
650 1 0 |a Negociación colectiva  |9 312433 
650 1 0 |a Trabajadores  |9 260887 
852 |a BIBCUR 
942 |2 ddc  |c BK 
952 |0 0  |1 0  |2 ddc  |4 0  |6 344_830100000000000_GAM_2020  |7 0  |9 576473  |a BIBDER  |b BIBDER  |d 2020-04-24  |e 22  |g 25500.51  |i 5575729  |l 7  |o 344.8301 GAM 2020  |p 5575729  |r 2024-09-12  |s 2024-09-12  |t 3  |v 25500.51  |w 2020-04-24  |y BK  |k DER 
952 |0 0  |1 0  |2 ddc  |4 0  |6 344_830100000000000_GAM_2020  |7 0  |9 576474  |a BIBDER  |b BIBDER  |d 2020-04-24  |e 22  |g 25500.51  |i 5575745  |l 5  |m 4  |o 344.8301 GAM 2020  |p 5575745  |r 2024-05-22  |s 2024-05-15  |t 5  |v 25500.51  |w 2020-04-24  |y BK  |k DER 
952 |0 0  |1 0  |2 ddc  |4 0  |6 344_830100000000000_GAM_2020  |7 0  |9 576475  |a BIBDER  |b BIBDER  |d 2020-04-24  |e 22  |g 25500.51  |i 5575702  |l 8  |m 1  |o 344.8301 GAM 2020  |p 5575702  |r 2025-03-21  |s 2025-03-14  |t 1  |v 25500.51  |w 2020-04-24  |y BK  |k DER 
952 |0 0  |1 0  |2 ddc  |4 0  |6 344_830100000000000_GAM_2020  |7 0  |9 576476  |a BIBDER  |b BIBDER  |d 2020-04-24  |e 22  |g 25500.51  |i 5575737  |l 9  |m 6  |o 344.8301 GAM 2020  |p 5575737  |q 2025-05-16  |r 2025-05-09  |s 2025-05-09  |t 4  |v 25500.51  |w 2020-04-24  |y BK  |k DER 
952 |0 0  |1 0  |2 ddc  |4 0  |6 344_830100000000000_GAM_2020  |7 0  |9 576477  |a BIBDER  |b BIBDER  |d 2020-04-24  |e 22  |g 25500.51  |i 5575710  |l 2  |o 344.8301 GAM 2020  |p 5575710  |r 2023-05-11  |s 2023-05-04  |t 2  |v 25500.51  |w 2020-04-24  |y BK  |k DER